Kľúčové determinanty pôsobenia obce ako aktéra regionálneho rozvoja
Identifikácia spôsobov, akými obce aktívne participujú na regionálnom rozvoji. Prehľad kompetencií obce súvisiacich so zabezpečením regionálneho rozvoja. Kľúčové determinanty pôsobenia obce ako aktéra regionálneho rozvoja.
Salvato in:
| Autore principale: | |
|---|---|
| Natura: | Capitolo di libro |
| Lingua: | slovacco |
| Soggetti: | |
| Tags: |
Nessun Tag, puoi essere il primo ad aggiungerne!!
|
MARC
| LEADER | 00000naa a2200000 4500 | ||
|---|---|---|---|
| 001 | 0205938 | ||
| 005 | 20220718123917.3 | ||
| 041 | 0 | |a slo | |
| 044 | |a SK | ||
| 245 | 1 | 0 | |a Kľúčové determinanty pôsobenia obce ako aktéra regionálneho rozvoja |c Ivana Gecíková |
| 520 | |a Identifikácia spôsobov, akými obce aktívne participujú na regionálnom rozvoji. Prehľad kompetencií obce súvisiacich so zabezpečením regionálneho rozvoja. Kľúčové determinanty pôsobenia obce ako aktéra regionálneho rozvoja. | ||
| 610 | 2 | 0 | |a rozvoj regionálny |
| 610 | 2 | 0 | |a manažment verejnej správy |
| 610 | 2 | 0 | |a kompetencie |
| 610 | 2 | 0 | |a obce |
| 100 | 1 | |a Gecíková, Ivana | |